| 000 | 00843 am a22002655a 4500 | ||
|---|---|---|---|
| 001 | 008780820 | ||
| 005 | 20180326113254.0 | ||
| 008 | 990315s2017 enk frb 000 0 eng d | ||
| 015 |
_aGB98V2381 _2bnb |
||
| 020 | _a9780722538074 | ||
| 040 |
_aStDuBDS _beng _dUk _dEG-ScBUE |
||
| 082 | 0 | 4 |
_a302.2 _bLOW _222 |
| 100 | 1 | _aLowndes, Leil. | |
| 245 | 1 | 0 |
_aHow to talk to anyone / _cLeil Lowndes. |
| 246 | 3 | 4 |
_aHow to talk to anyone : _b92 little tricks for big success in relationships |
| 260 |
_aLondon : _bThorsons / HarperCollins, _c2017. |
||
| 300 |
_axiii, 334 p. ; _c20 cm. |
||
| 504 | _aIncludes bibliographical references. | ||
| 650 | 7 |
_aInterpersonal communication. _2BUEsh |
|
| 650 | 7 |
_aSocial intelligence. _2BUEsh |
|
| 651 | _2BUEsh | ||
| 653 |
_bBUSADM _cMarch2018 _dBestSellers |
||
| 655 |
_vReading book _934232 |
||
| 942 | _2ddc | ||
| 999 |
_c26401 _d26373 |
||